Awareness heals : the Feldenkrais method for dynamic health /

Bibliographic Details
Main Author: Shafarman, Steven
Format: Book
Language:English
Published: Reading, Mass. : Addison-Wesley, [1997]
Subjects:
Online Access:Contributor biographical information
Publisher description

MARC

Tag First Indicator Second Indicator Subfields
LEADER 00000cam a2200000 a 4500
001 in00002706363
005 20151202142315.0
008 960911s1997 maua b 001 0 eng
010 |a  96041924  
020 |a 0201694697 
020 |a 9780201694697 
035 |a (OCoLC)ocm35599382 
040 |a DLC  |c DLC  |d NLM  |d TXA  |d UtOrBLW 
049 |a TXAM 
050 0 0 |a RC489.F44  |b S53 1997 
060 0 0 |a 1998 E-748 
060 1 0 |a WB 541  |b S5245a 1997 
082 0 0 |a 613.7/1  |2 20 
100 1 |a Shafarman, Steven. 
245 1 0 |a Awareness heals :  |b the Feldenkrais method for dynamic health /  |c Steven Shafarman. 
264 1 |a Reading, Mass. :  |b Addison-Wesley,  |c [1997] 
264 4 |c ©1997 
300 |a viii, 216 pages :  |b illustrations ;  |c 24 cm. 
336 |a text  |b txt  |2 rdacontent 
337 |a unmediated  |b n  |2 rdamedia 
338 |a volume  |b nc  |2 rdacarrier 
504 |a Includes bibliographical references (pages 208-211) and index. 
650 0 |a Feldenkrais method. 
650 1 2 |a Exercise Therapy  |x methods. 
650 2 2 |a Movement. 
856 4 2 |3 Contributor biographical information  |u http://catdir.loc.gov/catdir/enhancements/fy0830/96041924-b.html  |t 0 
856 4 2 |3 Publisher description  |u http://catdir.loc.gov/catdir/enhancements/fy0830/96041924-d.html  |t 0 
948 |a cataloged  |b h  |c 2011/8/25  |d c  |e dmitchel  |f 10:10:10 am 
994 |a C0  |b TXA 
999 |a MARS 
999 f f |s c6cdd3c0-97f9-39bb-8052-548b4c4095ab  |i 9420be8b-3bc3-393b-8b79-01e1ef3e11c0  |t 0 
952 f f |p normal  |a Texas A&M University  |b College Station  |c Sterling C. Evans Library  |d Evans: Library Stacks  |t 0  |e RC489.F44 S53 1997  |h Library of Congress classification  |i unmediated -- volume  |m A14839522434 
998 f f |a RC489.F44 S53 1997  |t 0  |l Evans: Library Stacks